|
|
|
|
| LEADER |
00796nam a22002292a 4500 |
| 001 |
001802858 |
| 003 |
CZ BrMZK |
| 005 |
20211012141657.0 |
| 007 |
ta |
| 008 |
211012s1904 gw a er|||||||||||ger d |
| 040 |
|
|
|a BOA001
|b cze
|e aacr2
|
| 100 |
1 |
|
|a Franke, C. A.
|4 aut
|
| 245 |
1 |
4 |
|a Die Buchdruckerkunst :
|b praktisches Handbuch für Setzer, Drucker, Korrektoren, Stereotypeure und Galvanoplastiker /
|c herausgegeben von Max Müller
|
| 250 |
|
|
|a Sechste vollständig neubearbeitete Aufl.
|
| 260 |
|
|
|a Leipzig :
|b Bernh. friedr. Voigt,
|c 1904
|
| 300 |
|
|
|a viii, 338 s. :
|b il.
|
| 500 |
|
|
|a Korrektur-Schema
|
| 700 |
1 |
|
|a Müller, Max
|4 adp
|
| 910 |
|
|
|a BOA001
|b 3-0029.534
|
| 990 |
|
|
|a BK
|
| 993 |
|
|
|a Y
|
| 996 |
6 |
|
|b 2618710970
|c 3-0029.534
|l MZK
|r Sklad / do 1 hodiny
|n 0
|w 001866159
|u 000010
|a 1
|e BOA001
|j MZK50
|s P
|